Top 5 Palm Oil Producing Countries In 2021 - Statistics

General Stats
  • This quiz has been taken 23 times
  • The average score is 4 of 5
Answer Stats
Metric Tons Country % Correct
3,60,00,000 Indonesia
95%
2,10,00,000 Malaysia
86%
22,00,000 Thailand
81%
9,70,000 Nigeria
62%
13,20,000 Colombia
48%
No matching quizzes found
Score Distribution
Percent of People with Each Score
Percentile by Number Answered
Your Score History
You have not taken this quiz